Confessions nocturnes - Diam's et Vitaa - paroles. - Statistiques

Statistiques générales
  • Ce quiz a été pris 238 fois
  • Le résultat moyen est 399 sur 500
Statistiques - réponses
Réponse % Correct
que
98%
Que
98%
a?
97%
a
97%
à
97%
Mel,
97%
Mel
97%
je
96%
Je
96%
ma
96%
m'a
96%
te
96%
Vi
96%
Vi?
96%
"Vi
96%
Vi,
96%
faut
95%
Faut
95%
moi.
95%
moi
95%
moi...
95%
moi!
95%
parle,
95%
pas
95%
pas,
95%
pas...
95%
sa
95%
toi,
95%
toi.
95%
toi
95%
toi!
95%
toi?
95%
là?
94%
la
94%
94%
là,
94%
là.)
94%
le
94%
se
94%
ce
93%
de
93%
j'ai
93%
J'ai
93%
(J'ai
93%
sais,
93%
sais
93%
ta
93%
as
92%
il
92%
mec
92%
tu
92%
Tu
92%
ça
91%
qui
91%
sens,
91%
sens
91%
C'est
90%
c'est
90%
dans
90%
journée
90%
ton
90%
Ton
90%
noir.
89%
passé
89%
si
89%
Si
89%
si,
89%
mais
88%
(Mais
88%
Mais
88%
un
88%
elle."
87%
Elle
87%
elle
87%
elle,
87%
elle.
87%
les
87%
Les
87%
va
87%
fout
86%
Ouais
86%
ouais.
86%
(Ouais,
86%
une
86%
des
85%
au
84%
pour
84%
son
84%
suis,
84%
suis
84%
sur
84%
autre
83%
dit
83%
en
83%
Et
83%
et
83%
fait
83%
femme,
83%
Fille
83%
mon
83%
vit
83%
d'heure.
82%
est
82%
odeur.
82%
quarts
82%
qu'est
82%
tape
82%
tape.
82%
nuit,
81%
ouvre
81%
tous
81%
vus
81%
avec
80%
messages
80%
peur
80%
reine,
80%
répondeur,
80%
tout
80%
infiltré
79%
laisse
79%
mois
79%
qu'il
79%
ai
78%
crève
78%
croyais
78%
fous
78%
jure,
78%
Non,
78%
non.
78%
Non
78%
non.)
78%
s'appelle
78%
y
78%
crever
77%
l'adresse
77%
l'hôtel.
77%
même
77%
pourrais
77%
sûre.
77%
sûre
77%
Mardi.
76%
Qu'elle
76%
assure,
75%
j'en
75%
Saint-Denis.
75%
t'aime,
75%
ne
74%
Ne
74%
Andy.
73%
BM,
73%
BM.
73%
chez
73%
assume
72%
fini,
72%
père,
72%
voir,
72%
voir
72%
suite
71%
assieds
70%
était
70%
T'en
70%
cette
69%
j'assume
69%
paniques,
69%
preuve
69%
T'as
69%
t'as
69%
chienne!
68%
(Quoi?)
68%
quoi
68%
arrête,
67%
baiser
67%
bizarre?
67%
comme
67%
peux
67%
vas
67%
Vas-
67%
pur,
66%
raye
66%
rhabille-
65%
casse-
64%
dis
64%
t'ose
64%
toujours
64%
veux
64%
appart.
63%
crois
63%
formelle?
63%
pouvais
63%
Prends
63%
haine.
62%
on
62%
parler,
62%
plaque,
62%
string
62%
confiance
61%
deux
61%
ensembles
61%
honte
61%
J'avais
61%
mariage
61%
plans
61%
donne
60%
été
60%
ferme
60%
gueule
60%
intact
60%
savais
60%
trompes
60%
parlait
59%
droite
58%
saigne
58%
viens
58%
viens.
58%
(Viens,
58%
viens.)
58%
côté
57%
dragues,
55%
filles
55%
J'étais
55%
l'air
55%
trucs
55%
bombe
54%
petit
54%
pétasses.
53%
plus
53%
bout
52%
clé,
52%
leur
52%
qu'un
52%
aller.)
51%
j'arrive.)
51%
bizarres,
49%
chambre
49%
d'honneur,
49%
secondes,
49%
lacrymogène,
48%
rencard
48%
sac,
48%
s'il-te plaît
48%
blesse
46%
Franchement,
46%
méritent
45%
cric,
42%
apart,
40%
203.)
39%
trottoir!
39%
vivais
38%
d'elle?
37%
(Calme-
33%
(Gare-
33%
gare
33%
J'y
31%
vite,
30%
deuxième
28%
discrète,
28%
étage.)
28%
n'y
28%
reste
28%
arriverai
27%
monte,
27%
demandé,
24%
Ok,
23%
(Ok,
23%
voiture,
23%
j'veux
22%
sors
16%
Ben,
12%
monter.)
12%
Aucun quiz correspondant
Distribution des résultats
% des personnes avec chaque résultat
Percentile par nombre de réponses
Votre historique - résultats
Vous n’avez pas pris ce quiz